Discographie de SCH - Mort subite - Statistiques

Statistiques générales
  • Ce quiz a été pris 221 fois
  • Le résultat moyen est 9 sur 14
Answers on the Grid
Answers color-coded by a green-red scale on the quiz's grid according to % correct below.
Nino Brown
Missiles
Pas de manières
Gedeon
Neuer
6.45i
Slow mo
J't'en prie
Tirer un trait
MotherFuck
Zone à danger
Aluminium
Vivienne Westwood
Jimmy twice
Mauvais présage
Trahison d’hiver
Balles perdues
Éclipses
Labyrinthe
Mémoire fêlée
Sans retour
Crâne d'acier
Poussière d'or
Pluie sur la ville
Vices & Vertiges
Tempête intérieure
Gloire au 13
Le Mal
 
Statistiques - réponses
Réponse % Correct
6.45i
77%
Missiles
74%
Nino Brown
74%
Gedeon
73%
Zone à danger
73%
Aluminium
72%
MotherFuck
66%
Neuer
65%
Jimmy twice
64%
J't'en prie
64%
Pas de manières
64%
Tirer un trait
60%
Vivienne Westwood
59%
Slow mo
53%
Aucun quiz correspondant
Distribution des résultats
% des personnes avec chaque résultat
Percentile par nombre de réponses
Votre historique - résultats
Vous n’avez pas pris ce quiz